000171135 001__ 171135
000171135 005__ 20260515163944.0
000171135 0247_ $$2doi$$a10.3305/nh.2013.28.4.6509
000171135 0248_ $$2sideral$$a82760
000171135 037__ $$aART-2013-82760
000171135 041__ $$aeng
000171135 100__ $$0(orcid)0000-0001-8500-1667$$aMatute-Llorente, A.
000171135 245__ $$aPhysical activity and cardiorespiratory fitness in adolescents with Down syndrome
000171135 260__ $$c2013
000171135 5060_ $$aAccess copy available to the general public$$fUnrestricted
000171135 5203_ $$aAims: To determine if adolescents with and without Down syndrome (DS) accomplish the physical activity (PA) guidelines and to evaluate relationships between PA and cardiorespiratory variables.

Methods: 42 adolescents (27 with DS) participated in this study. PA was measured using accelerometers. Walking-graded treadmill protocol with a breath-by-breath gas analyzer was employed to assess cardiorespiratory fitness.

Results: Adolescents with DS spent less time in sedentary PA, moderate PA (MPA), vigorous PA (VPA) and moderate to vigorous PA (MVPA) than those without DS. VO2peak was correlated with total minutes spent in light PA, MPA, VPA and MVPA in the control group (from r = 0.55 to r = 0.61, p < 0.05) and with MPA and MVPA in the DS group (from r = 0.38 to r = 0.41, p < 0.05).

Conclusion: Nor DS neither control groups achieved at least 60 minutes of MPA daily. Engaging more time in MPA was associated with greater cardiorespiratory fitness in adolescents with DS.
000171135 540__ $$9info:eu-repo/semantics/openAccess$$aby-nc-sa$$uhttps://creativecommons.org/licenses/by-nc-sa/4.0/deed.es
000171135 590__ $$a1.25$$b2013
000171135 591__ $$aNUTRITION & DIETETICS$$b62 / 78 = 0.795$$c2013$$dQ4$$eT3
000171135 655_4 $$ainfo:eu-repo/semantics/article$$vinfo:eu-repo/semantics/publishedVersion
000171135 700__ $$0(orcid)0000-0002-1132-5906$$aGonzález-Agüero, A.
000171135 700__ $$0(orcid)0000-0001-6492-2512$$aGómez-Cabello, A.$$uUniversidad de Zaragoza
000171135 700__ $$0(orcid)0000-0002-4303-4097$$aVicente-Rodríguez, G.$$uUniversidad de Zaragoza
000171135 700__ $$0(orcid)0000-0002-7215-6931$$aCasajús Mallén, J. A.$$uUniversidad de Zaragoza
000171135 7102_ $$11006$$2245$$aUniversidad de Zaragoza$$bDpto. Fisiatría y Enfermería$$cÁrea Educación Física y Depor.
000171135 773__ $$g28, 3 (2013), 1151-1155$$pNutr. hosp.$$tNutricion Hospitalaria$$x0212-1611
000171135 8564_ $$s97703$$uhttps://zaguan.unizar.es/record/171135/files/texto_completo.pdf$$yVersión publicada
000171135 8564_ $$s2529509$$uhttps://zaguan.unizar.es/record/171135/files/texto_completo.jpg?subformat=icon$$xicon$$yVersión publicada
000171135 909CO $$ooai:zaguan.unizar.es:171135$$particulos$$pdriver
000171135 951__ $$a2026-05-15-14:53:29
000171135 980__ $$aARTICLE